Biggest City in Each US State - Statistics

General Stats
  • This quiz has been taken 32 times
  • The average score is 44 of 50
Answer Stats
State Answer % Correct
Georgia Atlanta
100%
Massachusetts Boston
100%
Illinois Chicago
100%
Colorado Denver
100%
Michigan Detroit
100%
Hawaii Honolulu
100%
Texas Houston
100%
Indiana Indianapolis
100%
Mississippi Jackson
100%
Florida Jacksonville
100%
Nevada Las Vegas
100%
California Los Angeles
100%
New York New York City
100%
Oklahoma Oklahoma City
100%
Pennsylvania Philadelphia
100%
Arizona Phoenix
100%
Maine Portland
100%
Oregon Portland
100%
Washington Seattle
100%
Alaska Anchorage
97%
Missouri Kansas City
97%
Tennessee Nashville
97%
Louisiana New Orleans
97%
Utah Salt Lake City
97%
New Mexico Albuquerque
93%
North Carolina Charlotte
93%
Minnesota Minneapolis
93%
Maryland Baltimore
90%
Idaho Boise
90%
Wisconsin Milwaukee
90%
South Carolina Charleston
86%
West Virginia Charleston
86%
Ohio Columbus
86%
New Jersey Newark
86%
Nebraska Omaha
86%
Rhode Island Providence
86%
Arkansas Little Rock
83%
Kentucky Louisville
83%
Wyoming Cheyenne
76%
Virginia Virginia Beach
76%
Iowa Des Moines
72%
Montana Billings
69%
North Dakota Fargo
66%
Kansas Wichita
66%
South Dakota Sioux Falls
62%
Vermont Burlington
59%
Delaware Wilmington
59%
New Hampshire Manchester
55%
Connecticut Bridgeport
52%
Alabama Huntsville
52%
No matching quizzes found
Score Distribution
Percent of People with Each Score
Percentile by Number Answered
Your Score History
You have not taken this quiz